Capoluoghi che iniziano con la L - Statistics

Statistiche generali
  • Questo quiz è stato fatto 78 volte
  • Il punteggio medio è 8 su 8
Statistiche sulle risposte
Popolazione (ab.) Regione Capoluogo % Corretto
93 454 Liguria La Spezia
97%
95 425 Puglia Lecce
97%
158 371 Toscana Livorno
97%
69 270 Abruzzo L'Aquila
94%
126 478 Lazio Latina
94%
48 329 Lombardia Lecco
94%
90 400 Toscana Lucca
91%
45 252 Lombardia Lodi
87%
Nessun quiz corrispondente trovato
Distribuzione punteggi
Percentuale di utenti per punteggio
Percentile per numero di risposta
I tuoi punteggi nel tempo
Non hai fatto questo quiz